[Event "Quebec inv"]
[Site "Quebec"]
[Date "1983.??.??"]
[Round "?"]
[White "Spraggett, Kevin"]
[Black "Barbeau, Sylvain"]
[Result "1-0"]
[WhiteElo "2495"]
[BlackElo "2245"]

1.Nf3 Nf6 2.c4 c5 3.Nc3 d5 4.cxd5 Nxd5 5.d4 Nxc3 6.bxc3 g6 7.e3 Bg7 8.Bb5+ Bd7
9.Bd3 O-O 10.O-O Bc6 11.Qe2 Qa5 12.e4 Qxc3 13.Bd2 Qa3 14.d5 Bd7 15.Rab1 b6
16.Bc4 Qa4 17.Bg5 Re8 18.Rfd1 h6 19.Bf4 g5 20.Bg3 Qa5 21.h4 g4 22.Ne5 h5
23.f3 Qc3 24.Rb3 Bxe5 25.Rxc3 Bxc3 26.e5 Ba4 27.Rd3 Bd4+ 28.Rxd4 cxd4 29.e6 f6
30.Qe4  1-0

[Event "Kamen Piskov mem 3"]
[Site "Ruse"]
[Date "1983.??.??"]
[Round "5"]
[White "Szilagyi, Peter"]
[Black "Kovacevic, Slobodan"]
[Result "1/2-1/2"]
[WhiteElo "2405"]
[BlackElo "2320"]

1.c4 c5 2.Nf3 Nf6 3.Nc3 b6 4.g3 Bb7 5.Bg2 e6 6.O-O Be7 7.b3 O-O 8.Bb2 a6
9.d3 d6 10.e4 Nc6 11.d4 cxd4 12.Nxd4 Rc8 13.Rc1 Qd7 14.Nc2 Ba8 15.Qe2 Qa7
16.Rfd1 Rfd8 17.Rd2 Qb8 18.Rcd1 Na7 19.Nd4 Nc6 20.Nxc6 Bxc6 21.a4 Ba8 22.Ba3 Qc7
23.Rd3 Ne8 24.f4 Bc6 25.Qf2 Rb8 26.Rc1 Qb7 27.Rcd1 Qc7 28.Rc1 Qb7 29.Rcd1 Bf6
30.Qe2 Bxc3 31.Rxc3 b5 32.axb5 axb5 33.cxb5 Bxb5 34.Qe3 Rbc8 35.Rxc8 Qxc8
36.Qb6 Be2 37.Rc1 Qa8 38.Bb2 Rb8 39.Qe3 Qa6 40.e5 d5 41.Bd4 Qd3 42.Qxd3 Bxd3
43.Rc3 Be2 44.f5 Bg4 45.fxe6 Bxe6 46.Kf2 g6 47.Bf3 h5 48.h3 Bxh3 49.Bxd5 Ra8
50.Rc5 Ng7 51.Bc3 Be6 52.Bxe6 Nxe6 53.Rc6 Kg7 54.b4 g5 55.b5 Ra5 56.b6 Kg6
57.Rc4 Rb5 58.Rb4 Rxb4 59.Bxb4 Nd8 60.Be7 Nb7 61.Ke3 Kf5 62.Kd4 Kg4 63.Kd5 h4
64.gxh4 gxh4 65.Bxh4 Kxh4 66.e6  1/2-1/2

[Event "Sarajevo"]
[Site "Sarajevo"]
[Date "1983.??.??"]
[Round "?"]
[White "Smejkal, Jan"]
[Black "Gligoric, Svetozar"]
[Result "1/2-1/2"]
[WhiteElo "2560"]
[BlackElo "2510"]

1.c4 c5 2.Nf3 Nf6 3.Nc3 e6 4.g3 d5 5.cxd5 exd5 6.d4 Nc6 7.Bg2 Be7 8.O-O O-O
9.Bg5 cxd4 10.Nxd4 h6 11.Be3 Re8 12.Qb3 Na5 13.Qc2 Bg4 14.Rad1 Rc8 15.h3 Bh5
16.g4 Bg6 17.Nf5  1/2-1/2

[Event "Sarajevo"]
[Site "Sarajevo"]
[Date "1983.??.??"]
[Round "?"]
[White "Osmanovic, Kemal"]
[Black "Smejkal, Jan"]
[Result "1/2-1/2"]
[WhiteElo "2375"]
[BlackElo "2560"]

1.Nf3 Nf6 2.c4 c5 3.Nc3 d5 4.cxd5 Nxd5 5.g3 Nc6 6.Bg2 Nc7 7.a3 g6 8.b4 Bg7
9.bxc5 Na6 10.Bb2 Nxc5 11.Na4 Bxb2 12.Nxb2 Be6 13.O-O Rc8 14.Rc1 Qa5 15.Nc4 Qb5
16.d3 O-O 17.Qd2 Nb3 18.Qh6 Qh5 19.Qxh5 gxh5 20.Rb1 Bxc4 21.dxc4 Nca5 22.Rfd1 Rxc4
23.Nd2 Nxd2 24.Rxd2 Rfc8 25.Bxb7 Rb8 26.Rdb2 h4 27.gxh4 Rxh4 28.e4 Nc4 29.Rb4 Nxa3
30.R1b2 a5 31.Ra4 Rh3 32.Ra2 Nb5 33.Bc6 Nc3 34.R4a3  1/2-1/2

[Event "Silkeborg"]
[Site "Silkeborg"]
[Date "1983.??.??"]
[Round "5"]
[White "Bove Quist, Viggo"]
[Black "Spassov, Liuben"]
[Result "0-1"]
[WhiteElo "2200"]
[BlackElo "2475"]

1.c4 Nf6 2.Nf3 c5 3.Nc3 e6 4.g3 b6 5.Bg2 Bb7 6.O-O Be7 7.b3 d6 8.Bb2 O-O
9.e3 a6 10.Qe2 Nbd7 11.Rfd1 Qc7 12.Rac1 Rac8 13.d3 Rfe8 14.Ne1 Bxg2 15.Nxg2 Qb7
16.d4 cxd4 17.exd4 Bf8 18.Ne3 g6 19.Qf1 Rc7 20.Qg2 Qb8 21.a4 Rec8 22.g4 Qb7
23.h3 Qxg2+ 24.Nxg2 Nb8 25.g5 Ne8 26.Ne3 Nc6 27.Ne4 Na5 28.Rc3 h5 29.Rcd3 b5
30.cxb5 axb5 31.axb5 Rb7 32.d5 Rxb5 33.Nf6+ Nxf6 34.gxf6 e5 35.b4 Rxb4 36.Bc3 Ra4
37.Bxa5 Rxa5 38.h4 Ra4 39.Ng2 Bh6 40.Rb3 Bf4 41.Kf1 g5 42.hxg5 Kh7 43.Rb6 Rd8
44.Nh4 Bxg5 45.Nf5 Kg6 46.Nxd6 Rd4 47.Re1 Rxd5 48.Ne4 Rd1 49.Rxd1 Rxd1+ 50.Ke2 Rd4
51.f3 Ra4 52.Rb8 Ra2+ 53.Kf1 Be3 54.Rg8+ Kf5 55.Ng3+ Kxf6 56.Nxh5+ Ke6 57.Ng3 Rf2+
58.Ke1 Rg2 59.Re8+ Kd7 60.Rxe5 Bf4 61.Rd5+ Ke6 62.Nh5 Bg3+  0-1

[Event "Silkeborg"]
[Site "Silkeborg"]
[Date "1983.??.??"]
[Round "5"]
[White "Scheeren, Peter"]
[Black "Velikov, Petar"]
[Result "0-1"]
[WhiteElo "2455"]
[BlackElo "2460"]

1.c4 c5 2.Nc3 e6 3.Nf3 Nf6 4.g3 b6 5.Bg2 Bb7 6.O-O Be7 7.b3 d6 8.Bb2 Nbd7
9.e3 O-O 10.d4 cxd4 11.exd4 a6 12.Qd2 Re8 13.d5 e5 14.Nh4 Bf8 15.Nf5 Bc8
16.f4 b5 17.cxb5 axb5 18.fxe5 Nxe5 19.Nxb5 Bxf5 20.Rxf5 Nfg4 21.h3 g6 22.Rf4 Nf6
23.Nc7 Qxc7 24.Rxf6 Bg7 25.Bxe5 Rxe5 26.Rf2 Re7 27.Rc1 Qa7 28.Rc4 Rae8 29.Kh2 Re3
30.Bf3 h5 31.b4 Re1 32.Rc8 Rxc8 33.Qxe1 Be5 34.Kg2 Qa3 35.Re2 Rc1 36.Qd2 Ra1
37.Qc2 Qa7 38.Rf2 Re1 39.a4 Qd4  0-1

[Event "Tatran Cup"]
[Site "Stary Smokovec"]
[Date "1983.??.??"]
[Round "2"]
[White "Schneider, Attila"]
[Black "Ftacnik, Lubomir"]
[Result "1/2-1/2"]
[WhiteElo "2410"]
[BlackElo "2535"]

1.Nf3 Nf6 2.c4 c5 3.Nc3 b6 4.g3 Bb7 5.Bg2 g6 6.b3 Bg7 7.Bb2 O-O 8.O-O e6
9.d4 cxd4 10.Qxd4 d5 11.cxd5 Nxd5 12.Qxg7+ Kxg7 13.Nxd5+ e5 14.Bxe5+ f6 15.Nxf6 Nc6
16.Rfd1 Nxe5 17.Rxd8 Nxf3+ 18.Bxf3 Raxd8 19.Nh5+ gxh5 20.Bxb7 Rd2 21.Ba6 h4
22.Bd3 h5 23.b4 h3 24.b5 Rc8 25.f4 Rc3 26.a4 Kf6 27.a5 Rcxd3 28.exd3 Rg2+
29.Kh1  1/2-1/2

[Event "CSR-ch (Women)"]
[Site "Sumperk"]
[Date "1983.??.??"]
[Round "11"]
[White "Eretova, Kveta"]
[Black "Maskova, Jana"]
[Result "1-0"]
[WhiteElo "2115"]
[BlackElo "2000"]

1.Nf3 c5 2.c4 Nf6 3.Nc3 g6 4.d4 cxd4 5.Nxd4 Bg7 6.g3 Nc6 7.Bg2 O-O 8.O-O a6
9.h3 Qc7 10.c5 Rd8 11.Be3 d5 12.cxd6 Rxd6 13.Qa4 Nxd4 14.Bxd4 Bd7 15.Qb4 a5
16.Qc5 Qxc5 17.Bxc5 Rd2 18.Rab1 Bf8 19.Rfc1 e5 20.Be3 Rd6 21.Bxb7 Rb8 22.Bg2 Bf5
23.Ba7 Rc8 24.e4 Be6 25.Be3 Rd7 26.Bf1 Kg7 27.g4 Bb4 28.f3 Ne8 29.Bb5 Rdc7
30.Nd5 Rxc1+ 31.Rxc1 Rxc1+ 32.Bxc1 Nd6 33.Ba6 Bc5+ 34.Kf1 f5 35.Bd3 fxe4
36.fxe4 h5 37.Bd2 hxg4 38.hxg4 Bxg4 39.Bxa5 Bf3 40.Bc3 Nxe4 41.Bxe5+ Kf7
42.Nc3 Nf6 43.Bc4+ Ke7 44.Be2 Bc6 45.Bf4 Ke6 46.Bd3 Kf7 47.Bc4+ Ke8 48.Ke2 Nh5
49.Bg5 Ng3+ 50.Kd3 Bg1 51.Bf6 Bg2 52.Bd5 Bf1+ 53.Kd2 Nf5 54.a3 Nd6 55.Ne4 Nxe4+
56.Bxe4 Kd7 57.Bxg6 Bg2 58.b4 Bh2 59.Bg5 Bd6 60.Be3 Bc6 61.Kc3 Be5+ 62.Bd4 Bf4
63.Bc2 Kc7 64.a4 Kb7 65.b5 Bf3 66.a5 Bc7 67.Kb4 Bd6+ 68.Bc5 Bg3 69.a6+ Ka8
70.Bd3 Be1+ 71.Kc4 Bg3 72.Be3 Be5 73.Bf5 Be2+ 74.Kc5 Bf3 75.Bd7 Kb8 76.b6 Bf6
77.a7+ Kb7 78.a8=Q+ Kxa8 79.Bc6+ Bxc6 80.Kxc6 Kb8 81.b7 Be5 82.Bb6 Bf4 83.Bd8 Be5
84.Kb6 Bd4+ 85.Ka6 Bc5 86.Bg5 Bd6 87.Be3 Kc7 88.Ka7 Kc6 89.Ka8 Kb5 90.Ba7 Ka6
91.Bb8 Bc5  1-0

[Event "SWE-ch"]
[Site "?"]
[Date "1983.??.??"]
[Round "?"]
[White "Cramling, Dan"]
[Black "Unander, Matts"]
[Result "1/2-1/2"]
[WhiteElo "2415"]
[BlackElo "2200"]

1.c4 c5 2.Nf3 Nf6 3.Nc3 b6 4.e3 e6 5.d4 Be7 6.Be2 O-O 7.O-O cxd4 8.Nxd4 a6
9.Bf3 Ra7 10.b3 Bb7 11.Bb2 d5 12.cxd5 Nxd5 13.Nxd5 Bxd5 14.e4 Ba8 15.Qe2 Rd7
16.Rfd1 b5 17.Nc2 Qb6 18.Bd4 Bc5 19.Bc3 Rfd8 20.Rxd7 Rxd7 21.b4 Be7 22.Rd1 Qc7
23.Rxd7 Nxd7 24.Qe3  1/2-1/2

[Event "SWE-ch"]
[Site "?"]
[Date "1983.??.??"]
[Round "?"]
[White "Cramling, Dan"]
[Black "Lind, Jan Olov"]
[Result "1-0"]
[WhiteElo "2415"]
[BlackElo "2300"]

1.Nf3 Nf6 2.c4 c5 3.Nc3 e6 4.g3 b6 5.Bg2 Bb7 6.O-O Be7 7.d4 cxd4 8.Qxd4 d6
9.b3 Nbd7 10.Rd1 a6 11.e4 O-O 12.Ba3 Nc5 13.e5 dxe5 14.Qxd8 Rfxd8 15.Nxe5 Bxg2
16.Kxg2 Bf8 17.Bxc5 Bxc5 18.Na4 Rdc8 19.b4 Bxb4 20.Nxb6 Bc3 21.Nxc8 Rxc8
22.Nc6 Kf8 23.Rac1 Bb2 24.Rb1 Rxc6 25.Rxb2 Rxc4 26.Rb8+ Ke7 27.Rb7+ Ke8 28.Rb8+ Ke7
29.Rb7+ Ke8 30.Rd6 Ra4 31.Rc6 Nd7 32.Rcc7 Rd4 33.Ra7 Rd6 34.Rc8+ Ke7 35.Rca8 Rd2
36.Rxa6 Ne5 37.R6a7+ Kf6 38.Rf8 g5 39.h3 Kg7 40.Re8 Nd3 41.Rxe6 Rxf2+ 42.Kg1 Rxa2
43.Rxa2 fxe6 44.Ra7+ Kg6 45.Re7 Nc5 46.Kf2 h5 47.Ke3 Kf5 48.Rf7+ Kg6 49.Rc7 Na4
50.Kd4 Nb6 51.Ke5 h4 52.Rc6 Nd7+ 53.Kxe6 hxg3 54.Kxd7+ Kh5 55.Rc4 g2 56.Rg4 g1=Q
57.Rxg1 Kh4 58.Ke6  1-0

[Event "URS-FL"]
[Site "Tallinn"]
[Date "1983.??.??"]
[Round "?"]
[White "Gavrikov, Viktor"]
[Black "Lerner, Konstantin Z"]
[Result "1/2-1/2"]
[WhiteElo "2485"]
[BlackElo "2495"]

1.c4 Nf6 2.Nc3 e6 3.Nf3 c5 4.e3 Nc6 5.d4 d5 6.cxd5 exd5 7.Be2 cxd4 8.Nxd4 g6
9.Nxc6 bxc6 10.Bd2 Bg7 11.Rc1 O-O 12.O-O Qd6 13.Bf3 Ba6 14.Re1 c5 15.Qa4 Rab8
16.Qa3 Rfd8 17.Na4 c4 18.Qxd6 Rxd6 19.e4 Rdd8 20.Ba5 Rdc8 21.exd5 Rb5 22.Bc3 Nxd5
23.Bxg7 Kxg7 24.Bxd5 Rxd5 25.Re7 Rcd8 26.h3 Ra5 27.Nc3 Bc8 28.Rce1 Kf8 29.Rc7 Be6
30.Re2 Rd7 31.Rc8+ Kg7 32.Rc6 Bd5  1/2-1/2

[Event "URS-FL"]
[Site "Tallinn"]
[Date "1983.??.??"]
[Round "?"]
[White "Gulko, Boris F"]
[Black "Psakhis, Lev"]
[Result "1/2-1/2"]
[WhiteElo "2485"]
[BlackElo "2525"]

1.c4 c5 2.Nf3 Nf6 3.Nc3 e6 4.d4 cxd4 5.Nxd4 d5 6.Bg5 e5 7.Nc2 d4 8.Nd5 Be7
9.Bxf6 Bxf6 10.e4 dxe3 11.Ncxe3 O-O 12.Nxf6+ Qxf6 13.Nd5 Qd6 14.c5 Qd8 15.Bc4 Be6
16.O-O Nd7 17.b4 a5 18.a3 axb4 19.axb4 Rxa1 20.Qxa1 Nxc5 21.Qxe5 Nd7 22.Qd6 Nf6
23.Nxf6+ Qxf6 24.Be2 Rc8 25.h3 Qd8  1/2-1/2

[Event "DEN-ch"]
[Site "Tarnby"]
[Date "1983.??.??"]
[Round "4"]
[White "Schandorff, Lars"]
[Black "Kristiansen, Jens"]
[Result "1/2-1/2"]
[WhiteElo "2355"]
[BlackElo "2445"]

1.c4 Nf6 2.Nc3 c5 3.Nf3 b6 4.g3 Bb7 5.Bg2 e6 6.O-O Be7 7.d4 cxd4 8.Qxd4 O-O
9.Bg5 h6 10.Bxf6 Bxf6 11.Qd3 Na6 12.Rfd1 Nc5 13.Qd2 Ne4 14.Nxe4 Bxe4 15.Ne1 Bxg2
16.Nxg2 Qc7 17.Rac1 Rfd8 18.b3 Qb7 19.Qd6 Rac8 20.h4 Rc6 21.Qf4 d6  1/2-1/2

[Event "DEN-ch"]
[Site "Tarnby"]
[Date "1983.??.??"]
[Round "11"]
[White "Schandorff, Lars"]
[Black "Brinck Claussen, Bjorn"]
[Result "1/2-1/2"]
[WhiteElo "2355"]
[BlackElo "2380"]

1.c4 c5 2.Nf3 Nf6 3.Nc3 e6 4.d4 cxd4 5.Nxd4 Bb4 6.Bd2 O-O 7.a3 Be7 8.Bf4 d6
9.Bg3 a6 10.e3 b6 11.Be2 Bb7 12.O-O Nbd7 13.b4 Rc8 14.Qb3 Rc7 15.Rac1 Re8
16.Rfd1 Qa8 17.f3 Ne5 18.Na4 Nfd7 19.Rc2 Rec8 20.Bxe5 dxe5 21.Nxe6 fxe6 22.Rxd7 Rxd7
23.Nxb6 Qb8 24.Nxd7 Qc7 25.Nc5 Bxc5 26.bxc5 e4 27.Qb6 exf3 28.Qxc7 Rxc7 29.gxf3 Rxc5
30.Rd2 Bc8 31.Kf2 Kf7 32.e4 Ke7 33.Ke3 Ra5 34.Ra2 g5 35.Kd4 Kd6 36.Bd1 Rc5
37.Rb2 e5+ 38.Kc3 a5 39.Ba4 Kc7 40.Bb5 Be6 41.Rd2 Bh3 42.Rb2 Be6 43.Rc2 Kd6
44.Rg2 h6 45.Rd2+ Kc7 46.Rd3 Bc8 47.Kd2 Be6 48.a4 Bc8 49.Ke3 Be6 50.Rd2 Kc8
51.Kf2 h5 52.Ke3 g4 53.f4 exf4+ 54.Kxf4 Rc7 55.Rc2 Rg7 56.c5 Kc7 57.Rg2 Rg8
58.Ke5 Bc8 59.Rf2 h4 60.Kf4 g3 61.hxg3 Rg4+ 62.Ke3 Rxg3+ 63.Rf3 Rg7 64.Bf1  1/2-1/2

[Event "Tbilisi"]
[Site "Tbilisi"]
[Date "1983.??.??"]
[Round "?"]
[White "Adamski, Jan"]
[Black "Sturua, Zurab"]
[Result "1/2-1/2"]
[WhiteElo "2450"]
[BlackElo "2450"]

1.Nf3 c5 2.c4 Nf6 3.Nc3 e6 4.g3 Nc6 5.Bg2 d5 6.cxd5 exd5 7.d4 Be7 8.O-O O-O
9.b3 Ne4 10.Bb2 Bf6 11.Na4 b6 12.Rc1 Ba6 13.dxc5 Bxb2 14.Nxb2 bxc5 15.Na4 Re8
16.Re1 c4 17.Nd2 Qa5 18.Bxe4 dxe4 19.Nxc4 Bxc4 20.Rxc4 Rad8 21.Qa1 Nd4 22.Qc3  1/2-1/2

[Event "Tilburg"]
[Site "Tilburg"]
[Date "1983.??.??"]
[Round "?"]
[White "Huebner, Robert"]
[Black "Polugaevsky, Lev"]
[Result "1/2-1/2"]
[WhiteElo "2620"]
[BlackElo "2620"]

1.c4 c5 2.Nf3 Nf6 3.Nc3 e6 4.g3 b6 5.Bg2 Bb7 6.O-O Be7 7.d4 cxd4 8.Qxd4 d6
9.e4 a6 10.Qe3 Nbd7 11.Nd4 Qc7 12.b3 O-O 13.Bb2 Rfe8 14.Rfe1 Bf8 15.h3 Rac8
16.Re2 Qb8 17.Rae1 g6 18.Qd2 Bg7 19.Kh2 Nc5 20.Nc2 Red8 21.Nb4 b5 22.cxb5 axb5
23.Nd3 Nxd3 24.Qxd3 b4 25.Nd1 d5 26.exd5 Bxd5 27.Bxd5 Nxd5 28.Bxg7 Kxg7 29.Qf3 h5
30.h4 Qa7 31.Rd2 Qc5 32.Re4 Qc1 33.Red4 Rc2 34.Qe2 Rdc8 35.Ne3 Rxd2 36.Rxd2 Nxe3  1/2-1/2

[Event "Trnava"]
[Site "Trnava"]
[Date "1983.??.??"]
[Round "?"]
[White "Vaisser, Anatoli"]
[Black "Ftacnik, Lubomir"]
[Result "0-1"]
[WhiteElo "2485"]
[BlackElo "2560"]

1.c4 Nf6 2.Nc3 c5 3.Nf3 e6 4.g3 b6 5.Bg2 Bb7 6.O-O Be7 7.d4 cxd4 8.Qxd4 d6
9.Rd1 a6 10.b3 Nbd7 11.e4 Qb8 12.Ba3 Nc5 13.e5 Bxf3 14.Bxf3 dxe5 15.Bc6+ Kf8
16.Qe3 Ra7 17.Na4 Qc7 18.Bxc5 bxc5 19.Qf3 g6 20.Rd2 Kg7 21.Nc3 Rc8 22.Ba4 Raa8
23.Rad1 Rd8 24.Bc6 Rab8 25.Rxd8 Bxd8 26.g4 h6 27.h4 Rb6 28.g5 Rxc6 29.Rxd8 hxg5
30.hxg5 Nh7 31.Qd1 Nxg5 32.Rd7 Qc8 33.Kg2 Qa8 34.f3 Qh8 35.Qe2 Qh3+ 36.Kf2 Qh2+
37.Ke3 Qf4+ 38.Kf2 Rc8 39.Qe3 Rh8 40.Qxf4 exf4 41.Na4 Rh2+ 42.Kf1 Nxf3 43.Nxc5 Ng5
44.Nd3 f3 45.Nf2 e5 46.c5 e4 47.Re7 Kf8 48.Re5 f6 49.c6 Rh7 50.Rc5 Rc7 51.Ng4 Ke7
52.b4 Ne6 53.Rc4 f5 54.Ne5 Kd6 55.Nxg6 Rxc6 56.Rxc6+ Kxc6 57.a4 f4 58.Kf2 Kd5
59.Ne7+ Kc4 60.b5 axb5 61.axb5 e3+ 62.Kxf3 Nd4+ 63.Kg2 f3+  0-1

[Event "Tirnavia-B"]
[Site "Trnava"]
[Date "1983.??.??"]
[Round "6"]
[White "Stohl, Igor"]
[Black "Deze, Anton"]
[Result "1/2-1/2"]
[WhiteElo "2335"]
[BlackElo "2400"]

1.Nf3 c5 2.c4 Nf6 3.Nc3 e6 4.d4 d5 5.cxd5 Nxd5 6.e4 Nxc3 7.bxc3 cxd4 8.cxd4 Bb4+
9.Bd2 Bxd2+ 10.Qxd2 O-O 11.Bc4 Nc6 12.O-O b6 13.Rad1 Na5 14.Bd3 Bb7 15.Rfe1  1/2-1/2

[Event "Tirnavia-B"]
[Site "Trnava"]
[Date "1983.??.??"]
[Round "10"]
[White "Stohl, Igor"]
[Black "Horvath, Gyula"]
[Result "1-0"]
[WhiteElo "2335"]
[BlackElo "2385"]

1.Nf3 Nf6 2.c4 c5 3.Nc3 b6 4.e4 Bb7 5.Bd3 d6 6.Bc2 g6 7.O-O Bg7 8.d4 cxd4
9.Nxd4 O-O 10.Be3 Nbd7 11.Rc1 Rc8 12.b3 a6 13.Qd2 Re8 14.Rfd1 Qc7 15.Bb1 Qb8
16.f3 Ba8 17.Kh1 Rcd8 18.Bd3 e6 19.Bf1 Nc5 20.b4 Ncd7 21.Nb3 d5 22.exd5 exd5
23.cxd5 Ne5 24.Bg5 Rd6 25.Bxf6 Rxf6 26.Bxa6 Rf5 27.Be2 Nd7 28.Nd4 Bxd4 29.Qxd4 Rf4
30.Qd2 Rh4 31.d6 Re5 32.f4 Rf5 33.Rf1 Qd8 34.Kg1 g5 35.g4 gxf4 36.Rxf4 Qg5
37.Rd4 Qf6 38.Ne4 Qe5 39.Rc8+ Kg7 40.Bd1 Bxe4 41.gxf5 Qxf5 42.Qf2 Rf4 43.Qg3+ Kf6
44.Be2  1-0

[Event "Tirnavia-B"]
[Site "Trnava"]
[Date "1983.??.??"]
[Round "12"]
[White "Stohl, Igor"]
[Black "Drtina, Milan"]
[Result "1-0"]
[WhiteElo "2335"]
[BlackElo "2275"]

1.c4 c5 2.Nf3 Nf6 3.Nc3 g6 4.d4 cxd4 5.Nxd4 Bg7 6.e4 O-O 7.Be2 Nc6 8.Be3 d6
9.O-O Bd7 10.Nc2 Rb8 11.Qd2 a6 12.f3 Ne5 13.a4 Be6 14.b3 Ned7 15.a5 Ne8 16.Nd4 Nc7
17.Ra2 Kh8 18.Rc1 Qe8 19.Nd5 Rc8 20.Rac2 f6  1-0

[Event "Tuzla"]
[Site "Tuzla"]
[Date "1983.??.??"]
[Round "5"]
[White "Robatsch, Karl"]
[Black "Milovanovic, Rade"]
[Result "1/2-1/2"]
[WhiteElo "2420"]
[BlackElo "2415"]

1.Nf3 c5 2.c4 Nf6 3.Nc3 d5 4.cxd5 Nxd5 5.g3 Nc6 6.Nxd5 Qxd5 7.Bg2 g6 8.O-O Bg7
9.d3 O-O 10.Be3 Qd6 11.Rc1 Nd4 12.Nxd4 cxd4 13.Bf4 e5 14.Bd2 Be6 15.Qa4 a5
16.Qb5 Rfb8 17.Bxa5 Bd7 18.Bb4 Qe6 19.Qd5 Rxa2 20.Bd6 Re8 21.Ba3 Bc6 22.Qxe6 Rxe6
23.Bd5 Bxd5 24.Rc8+ Bf8 25.Rxf8+ Kg7 26.Rd8 Bc6 27.Ra8 Re7 28.Rc1 f6 29.f3 h5
30.Kf2 Kf7 31.Ke1 Re8 32.Rxe8 Kxe8 33.Kd2 Ba4 34.e3 dxe3+ 35.Kxe3 b5 36.Rc8+ Kd7
37.Ra8 Ra1 38.Ra6 Re1+ 39.Kd2 Rh1 40.Rd6+ Kc8 41.Rxf6 Rxh2+ 42.Kc3 Bd1 43.Rxg6 Rc2+
44.Kb4 Bxf3 45.Rg5 e4 46.dxe4 Rc4+ 47.Kxb5 Rxe4 48.Rf5 Re3 49.Bd6 Be4 50.Rf8+ Kd7
51.Kc5 Rf3 52.Bf4 Rb3 53.Be5 Bc6 54.Bc3 Rb5+ 55.Kd4 Rg5 56.Be1 Rg4+ 57.Kc3 Rg5
58.Rh8 Rc5+ 59.Kd3 Rg5 60.Rh7+ Ke6 61.Rh6+ Kd7 62.b4 Rf5 63.Kc4 Rg5 64.Rh7+ Ke6
65.Rh6+ Kd7 66.Rf6 Bb5+ 67.Kd4 Bc6 68.Ke3 Re5+ 69.Kf2 Bb5 70.Bc3 Re2+ 71.Kf3 Rc2
72.Be1 Rc4 73.Rf5 Ba4 74.Kg2 Rc1 75.Kf2 Bd1 76.Bd2 Rb1 77.Rc5 Bg4 78.Ke3 Rf1
79.Ke4 Rf3 80.Bf4 Rb3 81.Rc7+ Kd8  1/2-1/2

[Event "URS-ch sf"]
[Site "Volgodonsk"]
[Date "1983.??.??"]
[Round "?"]
[White "Loginov, Valery A"]
[Black "Ehlvest, Jaan"]
[Result "1/2-1/2"]
[WhiteElo "2395"]
[BlackElo "2460"]

1.Nf3 c5 2.c4 Nf6 3.Nc3 e6 4.g3 d5 5.cxd5 exd5 6.d4 Nc6 7.Bg2 Be7 8.O-O O-O
9.Bg5 cxd4 10.Nxd4 h6 11.Be3 Re8 12.Qc2 Bg4 13.Rad1 Qd7 14.Nxc6 bxc6 15.Bd4 Nh7
16.f3 Bh3 17.e4 c5 18.Bf2 Bxg2 19.Kxg2 d4 20.Nd5 Ng5 21.f4 Qh3+ 22.Kh1 Nf3
23.Bg1 Nxg1 24.Rxg1 Rac8 25.g4 Qf3+ 26.Qg2 Qxg2+ 27.Kxg2 Bf8 28.Kf3 Re6 29.Rg2 Ra6
30.b3 Rb8 31.Rb2 Ra3 32.Ke2 c4 33.Rxd4 cxb3 34.axb3 Raxb3 35.Rxb3 Rxb3 36.Rc4  1/2-1/2

[Event "URS-ch sf"]
[Site "Volgodonsk"]
[Date "1983.??.??"]
[Round "?"]
[White "Vaisser, Anatoli"]
[Black "Razuvaev, Yuri S"]
[Result "1/2-1/2"]
[WhiteElo "2485"]
[BlackElo "2520"]

1.c4 e6 2.Nc3 c5 3.Nf3 Nf6 4.g3 d5 5.cxd5 Nxd5 6.Bg2 Be7 7.O-O O-O 8.d4 Nc6
9.Nxd5 exd5 10.dxc5 Bxc5 11.Qc2 Bb6 12.Rd1 Qf6 13.Bg5 Qe6 14.Qd3 Re8 15.Re1 h6
16.Bd2 Qf6 17.Qxd5 Rd8 18.Qe4 Bxf2+ 19.Kxf2 Rxd2 20.Qe8+ Kh7 21.b3 Rd8 22.Qe3 Bf5
23.Rad1 Re8 24.Qc5 Rad8 25.b4 Rxd1 26.Rxd1 Be4 27.Rd6 Qe7 28.Rd2 Nxb4 29.Qxa7 Nd3+
30.Kf1 Nc5 31.Qa3 b6 32.Qe3 Qf6 33.Qd4 Qe6 34.Rb2 Ra8 35.Qb4 Ra6 36.Nd4 Qd5
37.Bxe4+ Nxe4 38.Nf3 f5 39.Qd4 Qc6 40.Kg2 b5 41.Qe5  1/2-1/2

[Event "URS-ch sf"]
[Site "Volgodonsk"]
[Date "1983.??.??"]
[Round "?"]
[White "Ionov, Sergey"]
[Black "Vaisser, Anatoli"]
[Result "0-1"]
[WhiteElo "2200"]
[BlackElo "2485"]

1.Nf3 Nf6 2.c4 e6 3.Nc3 c5 4.g3 b6 5.Bg2 Bb7 6.O-O d6 7.d4 cxd4 8.Qxd4 a6
9.b3 Nbd7 10.Bb2 Be7 11.Rfd1 O-O 12.h3 Qc7 13.Rac1 Rfe8 14.Qe3 Bf8 15.Nd4 Bxg2
16.Kxg2 g6 17.Qf3 Rac8 18.Kg1 Qb8 19.e3 e5 20.Nde2 b5 21.cxb5 axb5 22.Nd5 Nxd5
23.Qxd5 Nf6 24.Qf3 Be7 25.Nc3 b4 26.Na4 d5 27.Qe2 Qd6 28.Rxc8 Rxc8 29.Rc1 Rxc1+
30.Bxc1 Qe6 31.Kg2 Ne4 32.Bb2 f6 33.h4 Qc6 34.Qd3 Kg7 35.Kg1 g5 36.hxg5 Nxg5
37.Qf5 d4 38.f4 Qf3  0-1

[Event "Warsaw"]
[Site "Warsaw"]
[Date "1983.??.??"]
[Round "1"]
[White "Uhlmann, Wolfgang"]
[Black "Szymczak, Zbigniew"]
[Result "1-0"]
[WhiteElo "2505"]
[BlackElo "2460"]

1.c4 Nf6 2.Nc3 c5 3.Nf3 d5 4.cxd5 Nxd5 5.e4 Nb4 6.Bb5+ N8c6 7.d4 cxd4 8.a3 dxc3
9.Qxd8+ Kxd8 10.axb4 cxb2 11.Bxb2 f6 12.e5 Bg4 13.Bxc6 bxc6 14.Nd4 fxe5 15.Nxc6+ Ke8
16.O-O e6 17.Rfc1 Bd6 18.b5 Bc7 19.Nxe5 Bxe5 20.Bxe5 Kf7 21.Rc7+ Kg6 22.Rxg7+ Kf5
23.f4 Rhg8 24.Rxg8 Rxg8 25.Kf2 Rc8 26.Rxa7 Rc2+ 27.Kg3 h5 28.b6 h4+ 29.Kxh4 Rxg2
30.Rf7+ Ke4  1-0

[Event "Warsaw"]
[Site "Warsaw"]
[Date "1983.??.??"]
[Round "3"]
[White "Spassov, Liuben"]
[Black "Dorfman, Josif D"]
[Result "1/2-1/2"]
[WhiteElo "2460"]
[BlackElo "2540"]

1.Nf3 c5 2.c4 Nf6 3.Nc3 d5 4.cxd5 Nxd5 5.e3 Nxc3 6.bxc3 g6 7.Bb5+ Bd7 8.Qb3 Bg7
9.Ba3 b6 10.Bxd7+ Qxd7 11.d4 Nc6 12.Rd1 Na5 13.Qb1 Qa4 14.Bc1 O-O 15.O-O Rac8
16.e4 cxd4 17.cxd4 Rc2 18.Bg5 Qxa2 19.Qxa2 Rxa2 20.Bxe7 Re8 21.Bh4 Rxe4 22.d5 Raa4
23.d6 Rxh4 24.Nxh4 Rxh4 25.d7 Nb7 26.d8=Q+ Nxd8 27.Rxd8+ Bf8 28.Rc1 Kg7 29.g3 Rh5
30.Rcc8 Bc5  1/2-1/2

[Event "Warsaw"]
[Site "Warsaw"]
[Date "1983.??.??"]
[Round "5"]
[White "Spassov, Liuben"]
[Black "Schmidt, Wlodzimierz"]
[Result "1/2-1/2"]
[WhiteElo "2460"]
[BlackElo "2450"]

1.Nf3 Nf6 2.c4 c5 3.Nc3 d5 4.cxd5 Nxd5 5.e4 Nb4 6.Bb5+ N8c6 7.d4 cxd4 8.a3 Bd7
9.axb4 dxc3 10.bxc3 g6 11.O-O Bg7 12.Qb3 O-O 13.Be3  1/2-1/2

[Event "Warsaw"]
[Site "Warsaw"]
[Date "1983.??.??"]
[Round "7"]
[White "Spassov, Liuben"]
[Black "Kindermann, Stefan"]
[Result "1/2-1/2"]
[WhiteElo "2460"]
[BlackElo "2440"]

1.Nf3 Nf6 2.c4 c5 3.Nc3 e6 4.g3 b6 5.Bg2 Bb7 6.O-O Be7 7.d4 cxd4 8.Qxd4 d6
9.Bg5 a6 10.Bxf6 Bxf6 11.Qd3 Ra7 12.Rad1 Be7 13.Nd4 Bxg2 14.Kxg2 Qc8  1/2-1/2

[Event "Warsaw"]
[Site "Warsaw"]
[Date "1983.??.??"]
[Round "8"]
[White "Dorfman, Josif D"]
[Black "Szymczak, Zbigniew"]
[Result "1-0"]
[WhiteElo "2540"]
[BlackElo "2460"]

1.c4 Nf6 2.Nc3 e6 3.Nf3 c5 4.g3 b6 5.Bg2 Bb7 6.O-O Be7 7.b3 O-O 8.d4 cxd4
9.Qxd4 d6 10.Ba3 Na6 11.Rad1 Nc5 12.Qe3 a6 13.Nd4 Qc7 14.Bxb7 Qxb7 15.Qf3 Qxf3
16.Nxf3 Rfc8 17.Nd4 g6 18.f3 Bf8 19.Bb2 Bg7 20.Kf2 d5 21.cxd5 Nxd5 22.Nxd5 exd5
23.Rd2 Ne6 24.Rfd1 Ra7 25.e3 Rac7 26.Ne2 Bxb2 27.Rxb2 Rc2 28.Rd2 Rxb2 29.Rxb2 a5
30.Rd2 Rc5 31.Ke1 Kf8 32.Kd1 Ke7 33.Rd3 Ng5 34.Nd4 Ne6 35.h4 h5 36.Ne2 f6
37.Nc3 Nc7 38.Kd2 Kf7 39.Na4 Rc6 40.Rc3 Rxc3 41.Kxc3 Na8 42.b4 Ke6 43.bxa5 bxa5
44.Nc5+ Ke5 45.Nd3+ Kf5 46.Nf4 Nc7 47.Kd4 Ne6+ 48.Kxd5 Nxf4+ 49.exf4  1-0

[Event "Warsaw"]
[Site "Warsaw"]
[Date "1983.??.??"]
[Round "15"]
[White "Dorfman, Josif D"]
[Black "Foisor, Ovidiu"]
[Result "1/2-1/2"]
[WhiteElo "2540"]
[BlackElo "2430"]

1.c4 Nf6 2.Nc3 c5 3.Nf3 e6 4.g3 b6 5.Bg2 Bb7 6.O-O Be7 7.d4 cxd4 8.Nxd4 Bxg2
9.Kxg2 Qc8 10.b3 Qb7+ 11.f3 a6 12.e4 d6 13.Be3 O-O 14.Qe2 Rc8 15.Rac1 Nc6
16.Nxc6 Rxc6 17.Bd4 Rac8 18.Nd1 b5 19.Ne3  1/2-1/2

[Event "Yerevan op"]
[Site "Yerevan"]
[Date "1983.??.??"]
[Round "1"]
[White "Ioffe, A."]
[Black "Yurenok, Maria"]
[Result "1/2-1/2"]
[WhiteElo "2200"]
[BlackElo "2200"]

1.c4 Nf6 2.Nc3 c5 3.Nf3 d5 4.cxd5 Nxd5 5.g3 Nc6 6.Bg2 Nc7 7.O-O e5 8.a3 Be7
9.b4 a6 10.bxc5 O-O 11.Na4 Be6 12.Bb2 Bf6 13.Qc2 Nb5 14.e3 Qc7 15.Nc3 Nxc3
16.Bxc3 Rfd8 17.Rfd1 Bg4 18.Qa4 Qd7 19.Rdb1 Bf5 20.Rb6 Rac8 21.Qb3 Rc7 22.d4 exd4
23.exd4 Nxd4 24.Nxd4 Bxd4 25.Rd6 Bxc3 26.Rad1 Bf6 27.Rxd7 Rdxd7 28.Rxd7 Rxd7
29.Bxb7 Rd3 30.Qa4 g6 31.Be4 Bxe4 32.Qxe4 Rxa3 33.Qf4 Kg7 34.c6 Rc3 35.c7 a5
36.g4 h6 37.h4 g5 38.hxg5 hxg5 39.Qd6 Rc1+ 40.Kg2 a4 41.f3 a3  1/2-1/2

[Event "Yerevan op"]
[Site "Yerevan"]
[Date "1983.??.??"]
[Round "4"]
[White "Shushpanov, Vladimir"]
[Black "Ioffe, A."]
[Result "1/2-1/2"]
[WhiteElo "2240"]
[BlackElo "2200"]

1.c4 Nf6 2.Nc3 c5 3.Nf3 d5 4.cxd5 Nxd5 5.d4 Nxc3 6.bxc3 g6 7.g3 Bg7 8.Bg2 Nc6
9.e3 O-O 10.O-O Qa5 11.Qb3 Rd8 12.Bd2 Qa6 13.Rab1 Rb8 14.Ng5 e6 15.Qb5 Qxb5
16.Rxb5 Bd7 17.Rfb1 cxd4 18.cxd4  1/2-1/2

[Event "Albena"]
[Site "Albena"]
[Date "1984.??.??"]
[Round "?"]
[White "Tal, Mihail"]
[Black "Toshkov, Tihomir"]
[Result "1-0"]
[WhiteElo "2605"]
[BlackElo "2440"]

1.Nf3 Nf6 2.c4 c5 3.Nc3 b6 4.e4 Nc6 5.d4 cxd4 6.Nxd4 Bb7 7.Bg5 Qb8 8.Nxc6 Bxc6
9.Qe2 h6 10.Bd2 e5 11.Nd5 Bxd5 12.cxd5 Bc5 13.O-O-O a5 14.Kb1 a4 15.Rc1 d6
16.Qb5+ Ke7 17.f3 Ne8 18.g3 Nc7 19.Qc6 Rc8 20.Bh3 Rd8 21.Rc4 Kf8 22.Rxa4 Rxa4
23.Qxa4 b5 24.Qb3 b4 25.Bf1 Nb5 26.Bxb5 Qxb5 27.Rc1 Rb8 28.Rc4 Ke7 29.a3 bxa3
30.Qxb5 Rxb5 31.b4 Kd7 32.Ka2 Bg1 33.h3 f5 34.Kxa3 fxe4 35.fxe4 Rb8 36.Rc1 Bd4
37.Rf1 Ke7 38.Kb3 Bb6 39.g4 Bd4 40.h4 Ke8 41.g5 hxg5  1-0